Statistiken für Sternzeichen-Quiz

Klicken Sie hier um das Quiz zu spielen!

Allgemein

  • Dieses Quiz wurde 23.870 mal gespielt
  • Das Durchschnittsergebnis liegt bei 10 aus 12

Antwortstatistiken

beginnt amZeichen% Korrekt
23. AugustJungfrau
94%
23. JuliLöwe
92%
19. FeberFische
91%
23. SeptemberWaage
91%
20. JännerWassermann
89%
21. MaiZwillinge
88%
21. JuniKrebs
87%
20. AprilStier
86%
21. DezemberSteinbock
85%
21. MärzWidder
83%
23. OktoberSkorpion
82%
21. NovemberSchütze
78%

Verteilung der Resultate

Perzentil nach korrekt beantworteten Fragen

Anzahl Personen mit jedem Resultat

Ihre Resultats-Entwicklung

Sie haben dieses Quiz noch nicht gespielt